000 00763cam a2200217 4500
001 ABS61469
008 000000n1999 000 0 eng u
035 _a(Sirsi) u102489
100 _aMurphy, G.
245 _aProperty's future on the internet
260 _c1999
490 _aThe Valuer
_v68(6) November/December 1999, 14(1)
520 _aDiscusses internet-based property auctions and considers whether these could ever replace tradtional auctions entirely. Also touches on the question of regulation of internet auctions.
590 _aABS
650 _aINTERNET AUCTIONS
650 _aAuctioneering
_96218
650 _aREGULATION
650 _aABOUT RICS-RICS MEMBERSHIP-RICS MEMBERSHIP BENEFITS
690 _aAuctioneering
_96218
942 _n0
999 _c61501
_d61501